Normal view
MARC view
- Tuller, W. Lawrence
Entry Personal Name
001 - CONTROL NUMBER
- control field: 134045
003 - CONTROL NUMBER IDENTIFIER
- control field: NUST
005 - DATE AND TIME OF LATEST TRANSACTION
- control field: 20260413101153.0
008 - FIXED-LENGTH DATA ELEMENTS
- fixed length control field: 260413|| aca||aabn | a|a d
040 ## - CATALOGING SOURCE
- Original cataloging agency: NUST
- Transcribing agency: NUST
100 ## - HEADING--PERSONAL NAME
- Personal name: Tuller, W. Lawrence
670 ## - SOURCE DATA FOUND
- Source citation: Work cat.: (NUST): Tuller, W. Lawrence., Financing the Small Business /, 1991.
